000 00631nam a2200205Ia 4500
008 160319s9999 xx 000 0 und d
020 _a9789715425858 (vol. 2)
050 _a899.210301
050 _b .U65 2008 vol. 2
245 _aUpon our own ground:
245 _bFilipino short stories in English 1956 to 1972 /
245 _cedited by Gemino H. Abad.
260 _aQuezon City :
260 _bUniversity of the Philippines Press,
260 _c2008
300 _axlix, 512 pages ;
300 _c23 cm.
650 _aPhilippines -- Social life and customs --
650 _aShort stories, Philippine (English)
999 _c292383
_d292383